Survivor Name Ladder 1 - Statistics

General Stats
  • This quiz has been taken 100 times
  • The average score is 12 of 20
Answer Stats
Picture Answer % Correct
Tyson
97%
Yam Yam
84%
NaOnka
68%
Matt
66%
Figgy
64%
Leif
64%
Elaine
62%
Hai
62%
Neleh
62%
Alison
60%
Noelle
58%
Michael
53%
Aaron
52%
Abraham
51%
Mookie
51%
Chelsea
49%
Eric
48%
Anna
43%
Ibrehem
43%
Edna
40%
No matching quizzes found
Score Distribution
Percent of People with Each Score
Percentile by Number Answered
Your Score History
You have not taken this quiz